Statistics for Robert Mitchum Filmography

Click here to take the quiz!

General Stats

  • This quiz has been taken 16 times
  • The average score is 8 of 134

Answer Stats

Type Year Name % Correct
Film1955The Night of the Hunter
83%
Film1947Out of the Past
67%
Film1962Cape Fear
67%
Film1960The Sundowners
50%
Film1957Heaven Knows, Mr. Allison
50%
Film1966El Dorado
50%
Film1945The Story of G.I. Joe
33%
Film1958Thunder Road
33%
Film1949Holiday Affair
33%
Film1947Crossfire
33%
Film1942Saboteur
33%
Film1995Dead Man
33%
Film1962The Longest Day
17%
Film1976Midway
17%
Film1978The Big Sleep
17%
Film1968Anzio
17%
Film1982That Championship Season
17%
Film1946Till the End of Time
17%
Film1973The Friends of Eddie Coyle
17%
TV Mini-Series1983The Winds of War
17%
Film1975Farewell, My Lovely
17%
Film1964What a Way to Go!
17%
TV Mini-Series1988War and Remembrance
17%
Film1960Home from the Hill
17%
Film1995Backfire!
0%
Film1969The Good Guys and the Bad Guys
0%
TV Show1995The Marshal
0%
Film1972The Wrath of God
0%
Film1971Going Home
0%
Short Documentary1970A Movable Feast
0%
Film1962Two for the Seesaw
0%
Short Documentary1970A Movable Scene
0%
Film1970Ryan's Daughter
0%
Film1969Young Billy Young
0%
Film1967The Way West
0%
Film1968Secret Ceremony
0%
Film1965Mister Moses
0%
Film1995Waiting for Sunset
0%
Film19685 Card Stud
0%
Film1963The List of Adrian Messenger
0%
Film1994Woman of Desire
0%
Film1963Rampage
0%
Film1963Man in the Middle
0%
Film1968Villa Rides
0%
TV Show1990A Family for Joe
0%
Film1974The Yakuza
0%
Film1984Maria's Lovers
0%
Film1990Believed Violent
0%
TV Film1989Jake Spanner, Private Eye
0%
TV Mini-Series1989Brotherhood of the Rose
0%
Film1988Scrooged
0%
Film1988Mr. North
0%
TV Show1987The Equalizer
0%
TV Film1986Thompson's Last Run
0%
TV Film1985Reunion at Fairborough
0%
TV Film1985Promises to Keep
0%
TV Mini-Series1985North and South
0%
Film1984The Ambassador
0%
Film1990Midnight Ride
0%
Short Film1990Waiting for the Wind
0%
TV Film1983A Killer in the Family
0%
TV Film1982One Shoe Makes It Murder
0%
Film1980Nightkill
0%
Film1992Les Sept Péchés Capitaux
0%
Film1980The Agency
0%
TV Show1992African Skies
0%
Film1979Breakthrough
0%
Film1978Matilda
0%
Film1977The Amsterdam Kill
0%
Film1993Tombstone
0%
Film1976The Last Tycoon
0%
Film1959The Wonderful Country
0%
Film1961The Last Time I Saw Archie
0%
Film1943Minesweeper
0%
Film1946Undercurrent
0%
Film1945West of the Pecos
0%
Film1944Nevada
0%
Film1944Thirty Seconds Over Tokyo
0%
Film1944Girl Rush
0%
Film1944When Strangers Marry
0%
Film1944Mr. Winkle Goes to War
0%
Film1944Johnny Doesn't Live Here Any More
0%
Film1943Gung Ho!
0%
Film1943Riders of the Deadline
0%
Film1943Cry 'Havoc'
0%
Film1943The Dancing Masters
0%
Film1943False Colors
0%
Film1947Pursued
0%
Film1943Doughboys in Ireland
0%
Film1943Bar 20
0%
Film1943Corvette K-225
0%
Film1943Beyond the Last Frontier
0%
Film1943The Lone Star Trail
0%
Film1943We've Never Been Licked
0%
Film1943Colt Comrades
0%
Film1943Leather Burners
0%
Film1943Border Patrol
0%
Film1943Follow the Band
0%
Film1943Aerial Gunner
0%
Film1943Hoppy Serves a Wit
0%
Film1943The Human Comedy
0%
Film1946The Locket
0%
Film1947Desire Me
0%
Film1960The Grass Is Greener
0%
Film1954She Couldn't Say No
0%
Film1960A Terrible Beauty
0%
Short Film1942The Magic of Make-up
0%
Film1959The Angry Hills
0%
Film1958The Hunters
0%
Film1957The Enemy Below
0%
Film1957Fire Down Below
0%
Film1956Bandido
0%
Film1956Foreign Intrigue
0%
Film1955Man with the Gun
0%
Film1955Not as a Stranger
0%
Film1954Track of the Cat
0%
Film1954River of No Return
0%
Film1953Second Chance
0%
Film1948Rachel and the Stranger
0%
Film1953White Witch Doctor
0%
Film1953Angel Face
0%
Film1952The Lusty Men
0%
Film1952One Minute to Zero
0%
Film1952Macao
0%
Film1951The Racket
0%
Film1951His Kind of Woman
0%
Film1951My Forbidden Past
0%
Short Documentary1950Screen Snapshots: Hollywood Goes to Bat
0%
Film1950Where Danger Lives
0%
Film1949The Big Steal
0%
Film1949The Red Pony
0%
Film1948Blood on the Moon
0%
Film1997James Dean: Live Fast, Die Young
0%

Score Distribution

Percentile by Number Answered

Percent of People with Each Score

Your Score History

You have not taken this quiz